| 000 | 02760nmm a22002297a 4500 | ||
|---|---|---|---|
| 999 |
_c5188 _d5188 |
||
| 003 | OSt | ||
| 005 | 20240419111132.0 | ||
| 008 | 191018e xxu|||||o||d| 00| 0 spa d | ||
| 020 | _a9789507277658 | ||
| 040 | _cPJ | ||
| 245 | 1 | 0 |
_aRevista Laboral : _bderecho colectivo / _cMario E. Ackerman director. |
| 260 |
_aSanta Fé : _bRubinzal Culzoni, _c2006. |
||
| 300 |
_a656 p. _c22 cm. |
||
| 310 | _asemestral | ||
| 362 | _aNo.2 (2006) | ||
| 500 | _aLimitaciones y bilateralidad del interés colectivo, por Mario Ackerman; Las relaciones laborales en las empresas. Sindicalización e inclusión convencional, por Héctor Palomino; La libertad sindical y la OIT, por Viridiana Díaz Aloy; Acción declarativa promovida por el sindicato frente al incumplimiento o fraude del empleador, por Jorge Elías; La democracia sindical y el derecho electoral, por Alejandro Aníbal Segura; Democracia sindical: el caso argentino, por Luis Enrique Ramírez; El desplazamiento de la personería gremial. O reemplazo en el goce de la condición de sindicato más representativo, por Jorge J. Sappia; Prejudicialidad en conflictos intrasindicales, por César Arese; Encuadramiento sindical, por Valentín Rubio; La protección de la libertad sindical: el amparo sindical, por Juan Martín Morando; Libertad sindical y prevención de prácticas antisindicales, por Aurelio Fanjul; La actividad de las empresas de servicios eventuales y las relaciones colectivas del trabajo, por Alejandro Di Sabatino; Nuevos criterios en materia de protección de la libertad sindical individual, por José Daniel Machado y Raúl Horacio Ojeda; El auge de la negociación colectiva. El marco normativo como condición orientadora, por Pablo Titiro; La formación profesional. En el marco de una propuesta de promoción y fomento de la negociación colectiva en la República Argentina, por Pablo Arnaldo Topet; Los calificativos de la negociación colectiva. Cuestiones de competencia entre Nación y provincias en materia de negociación colectiva (sector privado y público provincial), por Gabriel Tosto; Apuntes sobre la huelga y el daño, por Eduardo O. Álvarez; La reglamentación del derecho de huelga, por Mariano Recalde; La regulación de la huelga en los servicios esenciales. Compatibilización entre límites y garantías al ejercicio del derecho, por Héctor Omar García. Compilación temática de jurisprudencia, por Raúl Horacio Ojeda y Maximiliano Rouco. | ||
| 650 | 0 |
_91316 _aDERECHO LABORAL |
|
| 650 | 0 |
_91338 _aDERECHO COLECTIVO DEL TRABAJO |
|
| 700 |
_91423 _aAckermann, Mario Eduardo _edirector |
||
| 856 |
_uhttps://www.rubinzal.com.ar/revistas/revista-de-derecho-laboral/5/?menupc=1 _yRevista Derecho Laboral |
||
| 942 |
_2udc _cPP |
||